00595 2200217 4500001002100000005001500021035002000036007000300056008003900059082002000098084002600118100002600144245006600170260003200236300002600268650000900294650001100303650001200314856002800326990002300354INLIS00000000000659620230517083721 a0010-0523000006ta230517 | | |  a631.33.021(594) a631.33.021(594) TAF p0 aTAFAKRESNANTO, Chendy1 aPetunjuk Teknik Budidaya Tumpagsari Pajale Sistem Tanam Rapat aMalang :bBPTP Jatim,c2018 a22p. :bilus ;c22 cm 4aPadi 4aJagung 4aKedelai aPerpustakaan BSIP Jatim a280/BSIPJATIM/2023